000 04575nam a22006015i 4500
001 978-3-319-49742-6
003 DE-He213
005 20210118120909.0
007 cr nn 008mamaa
008 170320s2017 gw | s |||| 0|eng d
020 _a9783319497426
_9978-3-319-49742-6
024 7 _a10.1007/978-3-319-49742-6
_2doi
050 4 _aTK7888.4
072 7 _aTJFC
_2bicssc
072 7 _aTEC008010
_2bisacsh
072 7 _aTJFC
_2thema
082 0 4 _a621.3815
_223
245 1 0 _aEmbedded Systems Design with Special Arithmetic and Number Systems
_h[electronic resource] /
_cedited by Amir Sabbagh Molahosseini, Leonel Seabra de Sousa, Chip-Hong Chang.
250 _a1st ed. 2017.
264 1 _aCham :
_bSpringer International Publishing :
_bImprint: Springer,
_c2017.
300 _aX, 389 p. 127 illus., 48 illus. in color.
_bonline resource.
336 _atext
_btxt
_2rdacontent
337 _acomputer
_bc
_2rdamedia
338 _aonline resource
_bcr
_2rdacarrier
347 _atext file
_bPDF
_2rda
505 0 _aIntroduction to Residue Number System: Structure and Teaching Methodology -- RNS-based Embedded Processor Design -- Non Modular Operations of the Residue Number System: Functions for Computing -- Fault-Tolerant Computing in Redundant Residue Number System -- Decimal Floating Point Number System -- Design and Evaluation of Booth-Encoded Multipliers in Redundant Binary Representation -- Robust Analog Arithmetic Based on the Continuous Valued Number System -- RNS Applications in Digital Signal Processing -- RNS-based Image Processing -- Logarithmic Number System and its Application in FIR Filter Design -- Double-Base Number System and its Application in FIR Filter Design -- RNS-based Public-Key Cryptography (RSA and ECC) -- RNS Approach in Lattice-based Cryptography -- RNS Applications in Computer Networks.
520 _aThis book introduces readers to alternative approaches to designing efficient embedded systems using unconventional number systems. The authors describe various systems that can be used for designing efficient embedded and application-specific processors, such as Residue Number System, Logarithmic Number System, Redundant Binary Number System Double-Base Number System, Decimal Floating Point Number System and Continuous Valued Number System. Readers will learn the strategies and trade-offs of using unconventional number systems in application-specific processors and be able to apply and design appropriate arithmetic operations from these number systems to boost the performance of digital systems. • Serves as a single-source reference to designing embedded systems with unconventional number systems • Covers theory as well as implementation on application-specific processors • Explains mathematical concepts in a manner accessible to readers with diverse backgrounds.
650 0 _aElectronic circuits.
650 0 _aMicroprocessors.
650 0 _aElectronics.
650 0 _aMicroelectronics.
650 1 4 _aCircuits and Systems.
_0http://scigraph.springernature.com/things/product-market-codes/T24068
650 2 4 _aProcessor Architectures.
_0http://scigraph.springernature.com/things/product-market-codes/I13014
650 2 4 _aElectronics and Microelectronics, Instrumentation.
_0http://scigraph.springernature.com/things/product-market-codes/T24027
700 1 _aMolahosseini, Amir Sabbagh.
_eeditor.
_4edt
_4http://id.loc.gov/vocabulary/relators/edt
700 1 _ade Sousa, Leonel Seabra.
_eeditor.
_4edt
_4http://id.loc.gov/vocabulary/relators/edt
700 1 _aChang, Chip-Hong.
_eeditor.
_4edt
_4http://id.loc.gov/vocabulary/relators/edt
710 2 _aSpringerLink (Online service)
773 0 _tSpringer eBooks
776 0 8 _iPrinted edition:
_z9783319497419
776 0 8 _iPrinted edition:
_z9783319497433
776 0 8 _iPrinted edition:
_z9783319842301
856 4 0 _uhttps://doi.org/10.1007/978-3-319-49742-6
912 _aZDB-2-ENG
999 _c444861
_d444861
942 _cEB
506 _aAvailable to subscribing member institutions only. Доступно лише організаціям членам підписки.
506 _fOnline access from local network of NaUOA.
506 _fOnline access with authorization at https://link.springer.com/
506 _fОнлайн-доступ з локальної мережі НаУОА.
506 _fОнлайн доступ з авторизацією на https://link.springer.com/